| 000 | 01217nam0a2200289 4500 | ||
|---|---|---|---|
| 001 | RU\NLR\BIBL_A\022144697 | ||
| 005 | 20250625140720.0 | ||
| 010 | _93800 | ||
| 035 | _a(NLR Aleph) 022144697 | ||
| 090 |
_a13320233 _c13320233 |
||
| 100 | _a20240220d1939 |||y0rusy50 ca | ||
| 101 | 0 | _adar | |
| 102 | _aRU | ||
| 105 | _ay z 000 y | ||
| 181 | 0 |
_ai _baxxe |
|
| 182 | 0 | _an | |
| 200 | 1 |
_a"ВКП(б)-ла историяла къантIси курс" дураъниличил бархбасахъи партийная пропаганда тIашбатнила хIекьлизиб. _eЦК ВКП(б)-ла постановление. _fХ. Сулейманов пер. |
|
| 203 |
_aТекст _bвизуальный _cнепосредственный |
||
| 210 |
_aМахач-Кала _cДаггиз _d1939 |
||
| 215 |
_a50,[1] с. _d21 |
||
| 541 | 1 |
_aО постановке партийной пропаганды в связи с выпуском "Краткого курса истории ВКП(б)" _eПостановление ЦК ВКП(б) _zrus |
|
| 686 | 1 | _aФ61(2)272.3-51 | |
| 852 |
_aNLR _bОНЛ _jДарг./3-35 |
||
| 852 |
_aNLR _bОНЛ _jДарг./3-35 |
||
| 942 | _cBOOK | ||
| 980 | _aNB | ||